000 00317nam a22001337a 4500
008 181107b xxu||||| |||| 00| 0 eng d
020 _a9780534205201
041 _aeng
080 _a316
100 _a50
101 _aSOC
245 _aSocial Policy. From theory to policy practice
_cJansson, B.S
942 _2udc
_cBK
999 _c52159
_d52159